Storm drainage: an engineering guide to the low-cost evaluation of system performance (Record no. 76830)
[ view plain ]
| 000 -LEADER | |
|---|---|
| fixed length control field | 01418nam a2200253 a 4500 |
| 008 - FIXED-LENGTH DATA ELEMENTS--GENERAL INFORMATION | |
| fixed length control field | 090304s1998 ||||||||||||||||| || u |
| 020 ## - INTERNATIONAL STANDARD BOOK NUMBER | |
| International Standard Book Number | 1853394327 |
| 050 ## - LIBRARY OF CONGRESS CALL NUMBER | |
| Classification number | TD 665 Kol |
| 100 ## - MAIN ENTRY--PERSONAL NAME | |
| Personal name | Kolsky, Pete |
| 245 10 - TITLE STATEMENT | |
| Title | Storm drainage: an engineering guide to the low-cost evaluation of system performance |
| 260 ## - PUBLICATION, DISTRIBUTION, ETC. | |
| Place of publication, distribution, etc. | London |
| Name of publisher, distributor, etc. | INTERMEDIATE TECHNOLOGY |
| Date of publication, distribution, etc. | 1998 |
| 300 ## - PHYSICAL DESCRIPTION | |
| Extent | x, 134p.: ill. |
| 350 ## - | |
| -- | 0.00 |
| 650 ## - SUBJECT ADDED ENTRY--TOPICAL TERM | |
| Topical term or geographic name entry element | DRAINAGE |
| 650 ## - SUBJECT ADDED ENTRY--TOPICAL TERM | |
| Topical term or geographic name entry element | ROOF DRAINAGE |
| 650 ## - SUBJECT ADDED ENTRY--TOPICAL TERM | |
| Topical term or geographic name entry element | URBAN RUNOFF |
| 650 ## - SUBJECT ADDED ENTRY--TOPICAL TERM | |
| Topical term or geographic name entry element | WATER |
| 650 ## - SUBJECT ADDED ENTRY--TOPICAL TERM | |
| Topical term or geographic name entry element | STORM SEWERS--DEVELOPING COUNTRIES |
| 995 ## - | |
| -- | ANNEX COLLECTION (Main Library) |
| -- | 742740 |
| -- | CBU-MAIN LIBRARY (Kitwe) |
| -- | 0.00 |
| -- | TD 665 Kol |
| -- | 5 |
| -- | AVAILABLE |
| -- | Jun 14, 2012 |
| -- | 742740 |
| -- | Annex Low-Usage Collection |
| 995 ## - | |
| -- | ANNEX COLLECTION (Main Library) |
| -- | 0.00 |
| -- | 739354 |
| -- | CBU-MAIN LIBRARY (Kitwe) |
| -- | 1 |
| -- | 0.00 |
| -- | TD 665 Kol |
| -- | 2 |
| -- | AVAILABLE |
| -- | Mar 25, 2009 |
| -- | 739354 |
| -- | Annex Low-Usage Collection |
| 995 ## - | |
| -- | ANNEX COLLECTION (Main Library) |
| -- | 0.00 |
| -- | 739353 |
| -- | CBU-MAIN LIBRARY (Kitwe) |
| -- | 1 |
| -- | 0.00 |
| -- | TD 665 KOL |
| -- | 1 |
| -- | AVAILABLE |
| -- | Mar 25, 2009 |
| -- | 739353 |
| -- | Annex Low-Usage Collection |
| 995 ## - | |
| -- | MAIN LIBRARY OPEN ACCESS |
| -- | 0.00 |
| -- | 739700 |
| -- | CBU-MAIN LIBRARY (Kitwe) |
| -- | 1 |
| -- | 0.00 |
| -- | TD 665 KOL |
| -- | 3 |
| -- | AVAILABLE |
| -- | Mar 26, 2009 |
| -- | 739700 |
| -- | Main Library Open Access Collection |
| 995 ## - | |
| -- | MAIN LIBRARY OPEN ACCESS |
| -- | 0.00 |
| -- | 739711 |
| -- | CBU-MAIN LIBRARY (Kitwe) |
| -- | 1 |
| -- | 0.00 |
| -- | TD 665 KOL |
| -- | 4 |
| -- | AVAILABLE |
| -- | Apr 2, 2009 |
| -- | 739711 |
| -- | Main Library Open Access Collection |
| 999 ## - | |
| -- | 76830 |
| -- | 76830 |
| Withdrawn status | Lost status | Source of classification or shelving scheme | Damaged status | Not for loan | Permanent Location | Current Location | Shelving location | Date acquired | Total Checkouts | Full call number | Barcode | Date last seen | Copy number | Price effective from | Koha item type |
|---|---|---|---|---|---|---|---|---|---|---|---|---|---|---|---|
| CBU-MAIN LIBRARY, KITWE. | CBU-MAIN LIBRARY, KITWE. | 04/25/2023 | TD 665 Kol | 742740 | 04/25/2023 | 1 | 04/25/2023 | MONOGRAPH | |||||||
| Withdrawn | CBU-MAIN LIBRARY, KITWE. | CBU-MAIN LIBRARY, KITWE. | 04/25/2023 | TD 665 Kol | 739354 | 04/25/2023 | 2 | 04/25/2023 | MONOGRAPH | ||||||
| CBU-MAIN LIBRARY, KITWE. | CBU-MAIN LIBRARY, KITWE. | 04/25/2023 | TD 665 Kol | 739353 | 04/25/2023 | 3 | 04/25/2023 | MONOGRAPH | |||||||
| CBU-MAIN LIBRARY, KITWE. | CBU-MAIN LIBRARY, KITWE. | 04/25/2023 | TD 665 Kol | 739700 | 04/25/2023 | 4 | 04/25/2023 | MONOGRAPH | |||||||
| CBU-MAIN LIBRARY, KITWE. | CBU-MAIN LIBRARY, KITWE. | 04/25/2023 | TD 665 Kol | 739711 | 04/25/2023 | 5 | 04/25/2023 | MONOGRAPH |